Statistics for Name The Rapper by the Album

Click here to take the quiz!

General Stats

  • This quiz has been taken 590 times
  • The average score is 17 of 30

Answer Stats

SongRapper% Correct
YeezusKanye West
98%
Marshall MathersEminem
96%
Good Kid, M.A.A.D. CityKendrick Lamar
92%
The Carter IVLil Wayne
90%
All Eyes On Me2pac
88%
At.Long.Last.ASAPASAP Rocky
85%
ViewsDrake
85%
2014 Forest Hills DriveJ. Cole
85%
DoggystyleSnoop Dogg
85%
Strait Outta ComptonN.W.A.
84%
Get Rich or Die Tryin'50 Cent
82%
The BlueprintJay-Z
81%
IlluminaticNas
73%
The CronicDr. Dre
72%
DS2Future
53%
Slime Season 3Young Thug
52%
Life After DeathNotorious B.I.G.
48%
The PinkprintNicki Minaj
46%
The PredatorIce Cube
38%
OxymoronScHoolboy Q
38%
Rolling PapersWiz Khalifa
35%
GO:OD AMMac Miller
34%
The Documentary 2The Game
31%
Speedin' Bullet 2 HeavenKid Cudi
30%
Dark Sky ParadiseBig Sean
25%
Dreams Worth More Than MoneyMeek Mill
25%
Paper TrailT.I.
23%
IdlewildAndré 3000
12%
RadioLL Cool J
10%
The Seventh SealRakim
8%

Score Distribution

Percentile by Number Answered

Percent of People with Each Score

Your Score History

You have not taken this quiz